|
|
|
|
| LEADER |
00000nam a22000007a 4500 |
| 005 |
20200724001533.0 |
| 007 |
cr|||| |||| |
| 008 |
200724s2014 br |||||s|||| 00||0 por d |
| 020 |
|
|
|a 978-85-8248-043-4
|
| 035 |
|
|
|a 31889
|
| 040 |
|
|
|a vLex
|
| 090 |
|
|
|c 10709
|d 10709
|
| 100 |
1 |
|
|a Melo Andrade, Diogo de Calasans
|
| 245 |
1 |
1 |
|a O Princp̕io da Funȯ̂ Social da Propriedade Urbana
|h [Recurso electrn̤ico] /
|c Diogo de Calasans Melo Andrade
|
| 256 |
|
|
|a Servicio en ln̕ea
|
| 260 |
|
|
|a San Pablo:
|b Letras Jurídicas Editora,
|c 2014
|
| 300 |
|
|
|a 1 recurso electrn̤ico
|
| 500 |
|
|
|a A obra, que ̌fruto de pesquisa acadm̊ica em nv̕el de Mestrado do autor, traz uma feiȯ̂ prt̀ica de alto relevo. Isso porque apresenta uma sl̤ida pesquisa de precedentes judiciais, explicitando a compreensô da matřia nos Pretr̤ios e demonstrando a sua importńcia prt̀ica. Apresenta-se, assim, como um instrumento de consulta obrigatr̤ia para profissionais da r̀ea jurd̕ica, transitando desde o Direito Constitucional at ̌o Direito Civil e o Direito Processual Civil, por versar sobre queste̳s que lhes sô comuns, seja o juiz, o membro do Ministřio Pb︢lico, o advogado, o Defensor Pb︢lico, o serventur̀io da justiȧ e, naturalmente, o professor, que pinȧr ̀das pg̀inas que se seguem instigantes e atuais queste̳s para o debate. Mas, nô s.̤ A obra alcanȧ ainda profissionais de outros ramos do conhecimento que labutam com queste̳s fundir̀ias, por conta desse cart̀er prt̀ico.
|
| 506 |
1 |
|
|a Disponible solo en los productos indicados
|d vLex Global
|d vLex Global (Academic Edition, excluding Law Schools)
|d vLex Global (U.S. Academic Edition, Law Schools)
|d vLex Global (U.S. Academic Edition, excluding Law Schools)
|d vLex Global (Academic Edition, Law Schools)
|
| 650 |
0 |
4 |
|a Procedimiento Civil
|z Brasil
|
| 740 |
0 |
|
|a vLex Libros (Servicio en ln̕ea)
|
| 856 |
4 |
0 |
|u http://vlex.com/source/principio-da-fun-o-social-da-propriedade-urbana-31889
|z Acceso restringido
|
| 942 |
|
|
|c BOOK
|
| 999 |
0 |
|
|a Civil Procedure
|